| 000 | 00869cab a2200265 4500 | ||
|---|---|---|---|
| 001 | ABS49710 | ||
| 008 | 090401t1993 xxu||||| |||| 00| 0 eng d | ||
| 035 | _a(Sirsi) u72456 | ||
| 041 | _aeng | ||
| 245 | 4 | _aThe valuation of agricultural property (II) | |
| 260 | _c1993 | ||
| 350 | _a0 | ||
| 490 |
_aEstates Gazette _v(9343) 30 Ocotber 1993, 107-108(2) |
||
| 520 | _aThe second part of this "Mainly for students" article covers valuation of investment farms and rental valuations. See Abs49570 for part I. | ||
| 650 | _aPROPERTY-LANDLORD AND TENANT-TENANCIES-AGRICULTURAL TENANCIES | ||
| 650 | _aAGRICULTURAL VALUATION | ||
| 650 | _aCAPITAL VALUES | ||
| 650 | _aINVESTMENT FARMS | ||
| 650 | _aINVESTMENT VALUATION | ||
| 650 | _aRENTAL VALUATION | ||
| 650 | _aVALUATION METHODS | ||
| 690 | _aRATING AND VALUATION | ||
| 942 | _n0 | ||
| 948 | _c04/03/1997 | ||
| 999 |
_c45784 _d45784 |
||